000 00494nam a2200169Ia 4500
005 20250612022140.0
008 240331s9999 xx 000 0 und d
020 _a9558037559
082 _bSRI
_a320
245 0 _aSri Lankawe jathikathwa gataluwa saha visadum
250 _a2nd
260 _aColombo
_bCentre for policy Studies
_c2004
300 _a100 p .,
500 _aA book on Sri Lanka's Nationality problem and solution
700 _aVikalpa Prathipaththi kendraya.
_eedt
942 _cL
999 _c5210
_d5210